Les championnats les plus représentés au Ballon d'or - Statistiques

Statistiques générales
  • Ce quiz a été pris 339 fois
  • Le résultat moyen est 6 sur 10
Statistiques - réponses
Trophées Championnats % Correct
23 La Liga
98%
3 Ligue 1
97%
17 Serie A
92%
9 Bundesliga
91%
6 Premier League
87%
3 Eredivisie
46%
1 Liga NOS
42%
3 Premier Liga
2%
1 OTP Bank Liga
1%
1 Championnat tchèque
0%
Aucun quiz correspondant
Distribution des résultats
% des personnes avec chaque résultat
Percentile par nombre de réponses
Votre historique - résultats
Vous n’avez pas pris ce quiz